书目信息 |
| 题名: |
超越绩效
|
|
| 作者: | 中尾隆一郎 著 ;杨喆 译 | |
| 分册: | ||
| 出版信息: | 北京 中华工商联合出版社有限责任公司 2021 |
|
| 页数: | 234页 | |
| 开本: | 21cm | |
| 丛书名: | ||
| 单 册: | ||
| 中图分类: | F272.5 | |
| 科图分类: | ||
| 主题词: | 企业绩效--qi ye ji xiao | |
| 电子资源: | ||
| ISBN: | 978-7-5158-2966-1 | |
| 000 | 00933nam0 2200253 450 | |
| 001 | 2153136085 | |
| 005 | 20211018173724.0 | |
| 010 | @a978-7-5158-2966-1@dCNY45.00 | |
| 100 | @a20210423d2021 em y0chiy50 ea | |
| 101 | 1 | @achi@cjpn |
| 102 | @aCN@b110000 | |
| 105 | @ay z 000yy | |
| 106 | @ar | |
| 200 | 1 | @a超越绩效@Achao yue ji xiao@e成长型企业KPI开发与实操@f(日)中尾隆一郎著@g杨喆译 |
| 210 | @a北京@c中华工商联合出版社有限责任公司@d2021 | |
| 215 | @a234页@d21cm | |
| 330 | @a《超越绩效:成长型企业KPI开发与实操》一书中,作者将真正的实践主义的KPI管理手法分享给读者,并与仅仅凭借数字来运营业务的冒牌KPI划清界限。 | |
| 517 | 1 | @a成长型企业KPI开发与实操@Acheng chang xing qi ye KPIkai fa yu shi cao |
| 606 | 0 | @a企业绩效@Aqi ye ji xiao |
| 690 | @aF272.5@v5 | |
| 701 | 0 | @c(日)@a中尾隆一郎@Azhong wei long yi lang@4著 |
| 702 | 0 | @a杨喆@Ayang zhe@4译 |
| 801 | 0 | @aCN@b百万庄@c20211018 |
| 905 | @b1311012-15@dF272.5@e1860@f4 | |
| 超越绩效:成长型企业KPI开发与实操/(日)中尾隆一郎著/杨喆译.-北京:中华工商联合出版社有限责任公司,2021 |
| 234页;21cm |
| ISBN 978-7-5158-2966-1:CNY45.00 |
| 《超越绩效:成长型企业KPI开发与实操》一书中,作者将真正的实践主义的KPI管理手法分享给读者,并与仅仅凭借数字来运营业务的冒牌KPI划清界限。 |
| ● |
| 相关链接 |
|
|
|
|
正题名:超越绩效
索取号:F272.5/1860
 
预约/预借
| 序号 | 登录号 | 条形码 | 馆藏地/架位号 | 状态 | 备注 |
| 1 | 1311012 | 213110122 | 第一样本阅览室/ [索取号:F272.5/1860] | 在馆 | |
| 2 | 1311013 | 213110131 | 第一借阅区/ [索取号:F272.5/1860] | 在馆 | |
| 3 | 1311014 | 213110140 | 第一借阅区/ [索取号:F272.5/1860] | 在馆 | |
| 4 | 1311015 | 213110159 | 第一借阅区/ [索取号:F272.5/1860] | 在馆 |